Les challengers possibles à la Ligue d'Alola (Pokémon 7G) - Statistiques

Statistiques générales
  • Ce quiz a été pris 11 fois
  • Le résultat moyen est 9 sur 12
Statistiques - réponses
Apparition Challengers de la Ligue d'Alola % Correct
Soleil et LuneUltra-Soleil et Ultra-Lune Professeur Euphorbe
100%
Soleil et Lune Ultra-Soleil et Ultra-Lune Tili
100%
Soleil et Lune Ultra-Soleil et Ultra-Lune Solane
90%
Soleil et Lune Ultra-Soleil et Ultra-Lune Apocyne
80%
Ultra-Soleil et Ultra-Lune Elsa-Mina
80%
Soleil et Lune Ultra-Soleil et Ultra-Lune Gladio
80%
Ultra-Soleil et Ultra-Lune Guzma
80%
Soleil et Lune Molène
70%
Soleil et Lune Ultra-Soleil et Ultra-Lune Paulie
70%
Soleil et Lune Ultra-Soleil et Ultra-Lune Ali
60%
Soleil et Lune Ultra-Soleil et Ultra-Lune Chrys
60%
Soleil et Lune Saubohne
60%
Aucun quiz correspondant
Distribution des résultats
% des personnes avec chaque résultat
Percentile par nombre de réponses
Votre historique - résultats
Vous n’avez pas pris ce quiz